000 00927cam a2200205 4500
001 ABS66477
008 030221n2003 000 0 eng u
035 _a(Sirsi) u121408
100 _aClarke, R.
245 _aBreaking the habit
260 _c2003
490 _aBritish Farmer and Grower
_v(3) January 2003, 27(1)
520 _aThe current system of farm subsidies has been criticised for encouraging over-production: Europe is now considering moving to decoupling and ending the link between subsidies and the amount of food produced by farmers. Provides an overview of the possible forms funding from the European Commission could take and the political opinion on what should be done and how, particularly from the viewpoint of the National Farmers' Union.
590 _aABS
650 _aCAP REFORM
650 _aFARM SUBSIDIES
650 _aCOMMON AGRICULTURAL POLICY
690 _aRural
_96268
942 _n0
999 _c72141
_d72141